Status Report: (Record no. 6950)

MARC details
000 -LEADER
fixed length control field 00465nam a22001217a 4500
008 - FIXED-LENGTH DATA ELEMENTS--GENERAL INFORMATION
fixed length control field 200408b ||||| |||| 00| 0 eng d
020 ## - INTERNATIONAL STANDARD BOOK NUMBER
International Standard Book Number 9987-615-05-8
245 ## - TITLE STATEMENT
Title Status Report:
Remainder of title Progress Towards the Goals for Growth, Social Well-being.../
Statement of responsibility, etc. Ministry of Planning, Economy and Empowerment.-
Medium English.
260 ## - PUBLICATION, DISTRIBUTION, ETC. (IMPRINT)
Place of publication, distribution, etc. Dar Es Salaam:
Name of publisher, distributor, etc. Ministry of Planning, Economy and Empowerment,
Date of publication, distribution, etc. 2006.
300 ## - PHYSICAL DESCRIPTION
Extent vii, 46p;
Other physical details ill;
Dimensions 26cm.-
650 ## - SUBJECT ADDED ENTRY--TOPICAL TERM
Source of heading or term POVERTY
942 ## - ADDED ENTRY ELEMENTS (KOHA)
Source of classification or shelving scheme Dewey Decimal Classification
Koha item type BOOKS
Holdings
Withdrawn status Lost status Source of classification or shelving scheme Damaged status Not for loan Home library Current library Date acquired Total Checkouts Barcode Date last seen Price effective from Koha item type
    Dewey Decimal Classification     Mwanza Mwanza 08/04/2020   10000002647 08/04/2020 08/04/2020 BOOKS
    Dewey Decimal Classification     Mwanza Mwanza 08/04/2020   10000002648 08/04/2020 08/04/2020 BOOKS
    Dewey Decimal Classification     Mwanza Mwanza 08/04/2020   10000002649 08/04/2020 08/04/2020 BOOKS
    Dewey Decimal Classification     Mwanza Mwanza 08/04/2020   10000002650 08/04/2020 08/04/2020 BOOKS
    Dewey Decimal Classification     Mwanza Mwanza 08/04/2020   10000002651 08/04/2020 08/04/2020 BOOKS
    Dewey Decimal Classification     Mwanza Mwanza 08/04/2020   10000002652 08/04/2020 08/04/2020 BOOKS

IRDP © 2021 :: Managed by ICT Team